All the countries+territories where Jewish pepole live. - Statistics

General Stats
  • This quiz has been taken 82 times
  • The average score is 70 of 101
Answer Stats
Population Answer % Correct
7.2M Israel
100%
6.3M United States
100%
393K Canada
94%
292K United Kingdom
94%
155K Russia
93%
92K Brazil
91%
440K France
91%
175K Argentina
90%
118K Australia
87%
118K Germany
87%
5K India
87%
4.5K Poland
87%
13K Spain
87%
27K Italy
86%
40K Mexico
86%
45K Ukraine
86%
9.5K Iran
84%
1K Japan
84%
10.3K Austria
83%
3K China
83%
2.7K Ireland
83%
3.3K Portugal
83%
100 | 52K South Africa
83%
100 Egypt
81%
47K Hungary
81%
1.3K Norway
81%
15K Sweden
81%
100 Ethiopia
80%
7.5K New Zealand
80%
14.5K Turkey
80%
30K Netherlands
78%
18.5K Switzerland
78%
29K Belgium
77%
16K Chile
77%
1.3K Finland
77%
4.1K Greece
77%
9K Romania
77%
8.5K Belarus
75%
1.9K Estonia
75%
2.6K Slovakia
75%
2K Bulgaria
74%
2.1K Colombia
74%
4K Czech Republic
74%
6.4K Denmark
74%
2.4K Lithuania
74%
2.1K Morocco
74%
1.4K Serbia
74%
600 Ecuador
72%
4.5K Latvia
72%
1.9K Peru
72%
100 Slovenia
72%
16K Uruguay
72%
6K Venezuela
72%
100 Nigeria
71%
1.1K Paraguay
71%
700 Luxembourg
70%
10K Panama
70%
1K Tunisia
70%
300 Cyprus
68%
100 Indonesia
68%
100 Syria
68%
7.2K Azerbaijan
67%
500 Bolivia
67%
500 Bosnia and Herzegovina
67%
1.7K Croatia
67%
500 Cuba
67%
1.5K Georgia
67%
500 Jamaica
67%
100 Dominican Republic
65%
2.5K Kazakhstan
65%
100 Armenia
64%
300 Kenya
64%
1.9K Moldova
64%
250 Nicaragua
62%
433K Palestine
62%
100 Taiwan
62%
3K Uzbekistan
62%
2.5K Costa Rica
61%
200 Thailand
61%
200 Bahamas
59%
100 El Salvador
58%
100 Malta
58%
100 North Macedonia
58%
900 Singapore
58%
200 Suriname
58%
200 Turkmenistan
58%
900 Guatemala
55%
100 Philippines
55%
200 Zimbabwe
55%
100 D.R Congo
54%
100 Botswana
51%
100 Namibia
51%
400 Kyrgyzstan
49%
100 Madagascar
46%
100 Barbados
43%
100 Bermuda
14%
1.5K Puerto Rico
13%
500 U.S Virgin Islands
10%
800 Gibraltar
9%
400 Netherlands Antilles
3%
No matching quizzes found
Score Distribution
Percent of People with Each Score
Percentile by Number Answered
Your Score History
You have not taken this quiz